[Event "III C.to Europeo seniores"]
[Site "Saint Vincent - Chatillon ITA"]
[Date "2003.09.23"]
[Round "7"]
[White "Gruzmann, Boris"]
[Black "Kozarcanin, Sead"]
[Result "1-0"]
[WhiteElo "2316"]
[BlackElo "2191"]
[PlyCount "120"]
[EventDate "2003.09.17"]

1. e4 e5 2. Nf3 Nc6 3. Bb5 a6 4. Ba4 d6 5. c3 Bd7 6. d4 g6 7. O-O Bg7 8. d5
Nce7 9. c4 h6 10. Nc3 f5 11. Nd2 Nf6 12. f3 O-O 13. b4 g5 14. Bc2 f4 15. c5 Ng6
16. Nc4 Ne8 17. a4 Rf7 18. Ba3 Bf8 19. c6 bxc6 20. dxc6 Be6 21. Bb3 Qc8 22. b5
axb5 23. axb5 Rb8 24. Na5 Rg7 25. Nb7 Kh8 26. Bb4 h5 27. Bxe6 Qxe6 28. Nd5 g4
29. Be1 Rc8 30. Ra3 Nf6 31. Nxf6 Qxf6 32. fxg4 d5 33. Rh3 dxe4 34. Rxh5+ Rh7
35. Rxh7+ Kxh7 36. Qd7+ Ne7 37. Bb4 Ra8 38. Qxc7 e3 39. Qd6 Qg5 40. Bc3 Ng6 41.
Qd7+ Be7 42. Qf5 Qxf5 43. gxf5 Nh4 44. c7 Rg8 45. Kh1 Nxg2 46. Nd8 e2 47. Rf2
Bc5 48. c8=Q Bxf2 49. Qb7+ Rg7 50. Qf3 Bd4 51. Qh5+ Kg8 52. Qxe2 Bxc3 53. Qc4+
Kh7 54. Qxc3 Ne3 55. Qd3 Ra7 56. f6+ Kh6 57. Kg1 Ra1+ 58. Kf2 Ng4+ 59. Kf3 Nxf6
60. Nf7+ Kg7 1-0

[Event "III C.to Europeo seniores"]
[Site "Saint Vincent - Chatillon ITA"]
[Date "2003.09.23"]
[Round "7"]
[White "Kaminik, Aleksandar"]
[Black "Bondar, Anatoly T."]
[Result "0-1"]
[WhiteElo "2273"]
[BlackElo "2156"]
[PlyCount "58"]
[EventDate "2003.09.17"]

1. d4 f5 2. g3 Nf6 3. Bg2 g6 4. Nh3 Bg7 5. O-O O-O 6. c4 c5 7. d5 d6 8. Nc3 Na6
9. Nf4 Nc7 10. e4 Rb8 11. a4 Qe8 12. Qe2 g5 13. Nd3 h6 14. e5 dxe5 15. Qxe5 Na6
16. Qe2 b6 17. Re1 Nb4 18. Nxb4 cxb4 19. Nb5 Qd7 20. Qxe7 Re8 21. d6 a6 22.
Bd5+ Kh8 23. Bxg5 Rxe7 24. Rxe7 Qd8 25. Bf4 axb5 26. axb5 Nxd5 27. cxd5 Rb7 28.
Ra8 Rxe7 29. dxe7 Qe8 0-1

[Event "III C.to Europeo seniores"]
[Site "Saint Vincent - Chatillon ITA"]
[Date "2003.09.23"]
[Round "7"]
[White "Klovans, Janis"]
[Black "Murey, Jacob I."]
[Result "1/2-1/2"]
[WhiteElo "2480"]
[BlackElo "2459"]
[PlyCount "47"]
[EventDate "2003.09.17"]

1. e4 c5 2. Nf3 d6 3. d4 cxd4 4. Nxd4 Nf6 5. Nc3 a6 6. Be3 Ng4 7. Bc1 Nc6 8.
Be2 Qb6 9. Bxg4 Qxd4 10. Qxd4 Nxd4 11. Bd1 Be6 12. Be3 Nc6 13. Na4 O-O-O 14.
Nb6+ Kb8 15. c3 g6 16. Bb3 Bxb3 17. axb3 f5 18. Ra4 Bg7 19. Ke2 Rhf8 20. Rd1 f4
21. Bc1 e6 22. Nc4 Kc7 23. Nd2 g5 24. h3 1/2-1/2

[Event "III C.to Europeo seniores"]
[Site "Saint Vincent - Chatillon ITA"]
[Date "2003.09.23"]
[Round "7"]
[White "Ljubarskij, Juri"]
[Black "Bukal, Vladimir sr"]
[Result "1-0"]
[WhiteElo "2307"]
[BlackElo "2408"]
[PlyCount "63"]
[EventDate "2003.09.17"]

1. e4 e6 2. d4 d5 3. Nd2 Nf6 4. e5 Nfd7 5. Bd3 c5 6. c3 Nc6 7. Ne2 cxd4 8. cxd4
a5 9. O-O a4 10. f4 g6 11. Nf3 Nb6 12. Nc3 Bd7 13. Be3 Nb4 14. Be2 Nc4 15. Bxc4
dxc4 16. d5 Nd3 17. Ne4 Qa5 18. Nf6+ Kd8 19. Ng5 Bc5 20. Qf3 exd5 21. Nxf7+ Ke7
22. Nxh8 Bc6 23. Nxg6+ hxg6 24. Bxc5+ Qxc5+ 25. Kh1 Rh8 26. Qg3 Kd8 27. f5 gxf5
28. Rxf5 Qd4 29. e6 Kc8 30. Raf1 b6 31. Qd6 Bb7 32. Nxd5 1-0

[Event "III C.to Europeo seniores"]
[Site "Saint Vincent - Chatillon ITA"]
[Date "2003.09.23"]
[Round "7"]
[White "Orev, Petar"]
[Black "Schramm, Bernd"]
[Result "1-0"]
[WhiteElo "2242"]
[BlackElo "2117"]
[PlyCount "89"]
[EventDate "2003.09.17"]

1. Nf3 Nf6 2. d4 e6 3. g3 b6 4. Bg2 Bb7 5. O-O Be7 6. c4 d6 7. Nc3 O-O 8. d5 e5
9. Nh4 Bc8 10. e4 Bg4 11. f3 Bd7 12. f4 Bg4 13. Bf3 Bxf3 14. Nxf3 exf4 15. gxf4
Nfd7 16. Be3 Bf6 17. Bd4 Re8 18. Re1 Bxd4+ 19. Qxd4 f6 20. Re2 a5 21. Rae1 Na6
22. Nb5 Qc8 23. Qf2 Ndc5 24. Qg3 Nd3 25. Rd1 Nac5 26. Nfd4 Nb4 27. Nc3 Qd7 28.
a3 Nba6 29. Rde1 Qf7 30. Kh1 Kh8 31. Rg1 Rad8 32. Nc6 Ra8 33. b4 Nd7 34. Nb5
Ndb8 35. Nbd4 Nxc6 36. Nxc6 Nb8 37. Nd4 Na6 38. Qc3 Rad8 39. f5 axb4 40. axb4
Rd7 41. Ne6 Qh5 42. Reg2 Rg8 43. Qxf6 Qf3 44. Qh4 Qc3 45. Rg3 1-0

[Event "III C.to Europeo seniores"]
[Site "Saint Vincent - Chatillon ITA"]
[Date "2003.09.23"]
[Round "7"]
[White "Petkevich, Jusefs"]
[Black "Gerenski, Hristo"]
[Result "1-0"]
[WhiteElo "2442"]
[BlackElo "2207"]
[PlyCount "99"]
[EventDate "2003.09.17"]

1. Nf3 e6 2. c4 Nf6 3. d4 d5 4. Nc3 Bb4 5. e3 O-O 6. Bd3 c5 7. O-O Nc6 8. a3
Bxc3 9. bxc3 dxc4 10. Bxc4 Qc7 11. Bb5 Bd7 12. a4 Ne7 13. Qe2 Ng6 14. e4 a6 15.
Bxd7 Nxd7 16. a5 Ne7 17. Bg5 Nc6 18. Qa2 Rfe8 19. Bh4 cxd4 20. cxd4 Qf4 21. d5
exd5 22. exd5 Nd4 23. Nxd4 Qxh4 24. Rad1 Qe4 25. Nf3 Rac8 26. Qb2 Nc5 27. Qb6
Red8 28. Rd4 Qf5 29. Rfd1 Qd7 30. Qb4 Qb5 31. h3 Qxb4 32. Rxb4 Kf8 33. Ne5 Nd7
34. Nc4 Nf6 35. Ne3 Rc5 36. d6 Rd7 37. Rc4 Rxc4 38. Nxc4 Ne8 39. f4 g6 40. g4
f6 41. Kf2 Ng7 42. Rd5 Ne6 43. Ke3 Ke8 44. Nb6 Rg7 45. f5 Nf8 46. Rc5 gxf5 47.
Rc8+ Kf7 48. Rc7+ Kg8 49. d7 Re7+ 50. Kf2 1-0

[Event "III C.to Europeo seniores"]
[Site "Saint Vincent - Chatillon ITA"]
[Date "2003.09.23"]
[Round "7"]
[White "Shenaev, Vyatsheslav"]
[Black "Kraidman, Yair"]
[Result "1/2-1/2"]
[WhiteElo "2221"]
[BlackElo "2319"]
[PlyCount "116"]
[EventDate "2003.09.17"]

1. d4 d5 2. c4 c6 3. Nc3 Nf6 4. Bg5 e6 5. e3 h6 6. Bh4 Nbd7 7. Nf3 Bd6 8. Rc1
O-O 9. Bd3 dxc4 10. Bxc4 e5 11. O-O exd4 12. Qxd4 Qe7 13. Rfd1 Bc7 14. Bb3 g5
15. Bg3 Bxg3 16. hxg3 g4 17. Nh4 Ne5 18. Qf4 Kg7 19. Ne4 Nxe4 20. Qxe4 Ng6 21.
Nf5+ Bxf5 22. Qxf5 Qg5 23. Qxg5 hxg5 24. Rd7 Rab8 25. Rc5 Kf6 26. Kf1 Ne5 27.
Rd6+ Ke7 28. Rh6 f6 29. Rh7+ Kd6 30. Rc1 Rh8 31. Rd1+ Kc5 32. Bc2 Rxh7 33. Bxh7
Rh8 34. Be4 Rh1+ 35. Ke2 Rxd1 36. Kxd1 Nc4 37. Kc2 Nd6 38. Bd3 b5 39. b3 a5 40.
f3 Kd5 41. Bg6 c5 42. Bh5 f5 43. Kd2 c4 44. e4+ fxe4 45. Bxg4 Kd4 46. f4 e3+
47. Kc2 Ne4 48. Bf3 Nxg3 49. fxg5 Ke5 50. bxc4 bxc4 51. Kc3 e2 52. Bxe2 Nxe2+
53. Kxc4 a4 54. a3 Nf4 55. Kb5 Kd5 56. Kxa4 Kc4 57. g3 Ng6 58. Ka5 Kc5 1/2-1/2

[Event "III C.to Europeo seniores"]
[Site "Saint Vincent - Chatillon ITA"]
[Date "2003.09.23"]
[Round "7"]
[White "Stepak, Yedael"]
[Black "Jakobsen, Ole"]
[Result "1/2-1/2"]
[WhiteElo "2268"]
[BlackElo "2381"]
[PlyCount "45"]
[EventDate "2003.09.17"]

1. d4 Nf6 2. c4 c5 3. d5 g6 4. Nc3 d6 5. Nf3 Bg7 6. e4 O-O 7. h3 e6 8. Bd3 Na6
9. O-O Nc7 10. Re1 e5 11. a3 Nh5 12. Bg5 f6 13. Be3 Nf4 14. Bxf4 exf4 15. Qc2
Kh8 16. Nh2 Qe7 17. Be2 Bd7 18. Bg4 Bxg4 19. hxg4 Rfe8 20. Qd2 Bh6 21. Qd3 Bg7
22. Qd2 Bh6 23. Qd3 1/2-1/2

[Event "III C.to Europeo seniores"]
[Site "Saint Vincent - Chatillon ITA"]
[Date "2003.09.23"]
[Round "7"]
[White "Tatai, Stefano"]
[Black "Hecht, Hans-Joachim"]
[Result "1/2-1/2"]
[WhiteElo "2343"]
[BlackElo "2404"]
[PlyCount "85"]
[EventDate "2003.09.17"]

1. e4 e5 2. Nf3 Nc6 3. d4 exd4 4. Nxd4 Bb4+ 5. c3 Be7 6. Bf4 d6 7. Nxc6 bxc6 8.
Be2 Nf6 9. Nd2 O-O 10. O-O Re8 11. Re1 Bf8 12. Bf1 g6 13. h3 Bg7 14. Qa4 Bd7
15. Rad1 Qb8 16. Qc2 a5 17. b3 Be6 18. Nf3 d5 19. exd5 cxd5 20. Nd4 Bd7 21.
Rxe8+ Bxe8 22. c4 Qb6 23. c5 Qb4 24. c6 Nh5 25. Be3 a4 26. Nb5 axb3 27. axb3
Qe7 28. Bc5 Qd8 29. Nd4 Nf4 30. b4 Ne6 31. Nxe6 fxe6 32. b5 Kh8 33. f4 Qf6 34.
g3 g5 35. Bd4 Qxd4+ 36. Rxd4 Bxd4+ 37. Kg2 gxf4 38. gxf4 Bh5 39. Be2 Rg8+ 40.
Bg4 Bxg4 41. hxg4 Rxg4+ 42. Kf3 Rg6 43. Qh2 1/2-1/2

[Event "III C.to Europeo seniores"]
[Site "Saint Vincent - Chatillon ITA"]
[Date "2003.09.23"]
[Round "7"]
[White "Zunker, Reinhard"]
[Black "Fischer, Johann"]
[Result "1/2-1/2"]
[WhiteElo "2199"]
[BlackElo "2227"]
[PlyCount "75"]
[EventDate "2003.09.17"]

1. e4 c5 2. Nf3 e6 3. c3 Nc6 4. Bb5 Nf6 5. Qa4 Qc7 6. O-O Be7 7. Re1 O-O 8. d4
d5 9. e5 Ne4 10. Nbd2 Nxd2 11. Bxd2 Bd7 12. dxc5 Bxc5 13. Bd3 Nb4 14. Bb5 Bxb5
15. Qxb5 Nc2 16. Qd3 Nxe1 17. Rxe1 h6 18. g4 Qb6 19. Kg2 Qa6 20. Qb1 Qc4 21. h3
f5 22. b3 Qb5 23. g5 Qe8 24. Rg1 Qh5 25. Qd3 Be7 26. Kh2 hxg5 27. Bxg5 Rfe8 28.
Qe3 Rac8 29. Bf6 Bf8 30. Nd4 Kf7 31. Bg5 Bc5 32. Qd2 a6 33. Nxf5 exf5 34. Qxd5+
Kf8 35. Bf6 g6 36. Qd7 Qh6 37. e6 Qf4+ 38. Kh1 1/2-1/2

[Event "III C.to Europeo seniores"]
[Site "Saint Vincent - Chatillon ITA"]
[Date "2003.09.24"]
[Round "8"]
[White "Asmundsson, Ingvar"]
[Black "Blaushtain, Boris"]
[Result "0-1"]
[WhiteElo "2321"]
[BlackElo "2120"]
[PlyCount "89"]
[EventDate "2003.09.17"]

1. e4 Nf6 2. d4 Nxe4 3. Bd3 Nf6 4. Nf3 d5 5. h3 Nbd7 6. O-O e6 7. Re1 Be7 8.
Bf4 O-O 9. Nbd2 c5 10. c3 c4 11. Bc2 b5 12. b4 a5 13. a3 axb4 14. axb4 Bb7 15.
Qe2 Qb6 16. Ne5 Rxa1 17. Rxa1 Bxb4 18. Nxd7 Nxd7 19. Qe3 Bd6 20. Bxd6 Qxd6 21.
Rb1 Bc6 22. f4 Ra8 23. Nf3 f6 24. Re1 Nf8 25. f5 exf5 26. Bxf5 Ra3 27. Be6+ Kh8
28. Nh4 Ra8 29. Bf7 Bd7 30. Qf3 Be6 31. Bxe6 Nxe6 32. Nf5 Qd7 33. h4 Rd8 34.
Ra1 g6 35. Ne3 Kg7 36. Nc2 Qd6 37. g3 Rd7 38. Qf2 h5 39. Nb4 Nc7 40. Re1 Na6
41. Nxa6 Qxa6 42. Qb2 Qd6 43. Kf2 Rb7 44. Rb1 Qe6 45. Qe2 0-1

[Event "III C.to Europeo seniores"]
[Site "Saint Vincent - Chatillon ITA"]
[Date "2003.09.24"]
[Round "8"]
[White "Fischer, Johann"]
[Black "Etmans, Maarten D."]
[Result "1/2-1/2"]
[WhiteElo "2227"]
[BlackElo "2221"]
[PlyCount "60"]
[EventDate "2003.09.17"]

1. d4 e6 2. Nf3 b5 3. e4 Bb7 4. Nbd2 a6 5. a4 b4 6. Bd3 d5 7. O-O Nf6 8. e5
Nfd7 9. Nb3 c5 10. dxc5 Nxc5 11. Nxc5 Bxc5 12. Qe2 Nc6 13. Be3 Qb6 14. Rfe1
Bxe3 15. Qxe3 Qxe3 16. Rxe3 Rc8 17. a5 O-O 18. b3 Rfd8 19. Ra4 Rc7 20. Ne1 h6
21. f4 Rb8 22. Nf3 Bc8 23. Ra2 Ne7 24. Nd4 Rc5 25. Kf2 Nc6 26. Nxc6 Rxc6 27.
Re1 Rc3 28. Ke3 Bd7 29. Kd2 Bb5 30. Re3 Rc5 1/2-1/2

[Event "III C.to Europeo seniores"]
[Site "Saint Vincent - Chatillon ITA"]
[Date "2003.09.24"]
[Round "8"]
[White "Hecht, Hans-Joachim"]
[Black "Orev, Petar"]
[Result "1-0"]
[WhiteElo "2404"]
[BlackElo "2242"]
[PlyCount "105"]
[EventDate "2003.09.17"]

1. d4 Nc6 2. Nf3 d5 3. c4 Bg4 4. Nc3 e6 5. e3 Nf6 6. h3 Bxf3 7. Qxf3 Bb4 8. Bd3
e5 9. cxd5 Qxd5 10. Qxd5 Nxd5 11. Bd2 O-O-O 12. Bf5+ Kb8 13. Nxd5 Bxd2+ 14.
Kxd2 Rxd5 15. Be4 Rd6 16. Bxc6 Rxc6 17. Rac1 Rd6 18. Rc4 Rhd8 19. Kc3 exd4+ 20.
Rxd4 Rxd4 21. exd4 Re8 22. Kd3 c6 23. h4 Re6 24. Rh3 Rf6 25. Ke3 Rg6 26. Rf3
Rxg2 27. Rxf7 a5 28. a4 Rg4 29. h5 h6 30. Rf5 b6 31. Rf7 Kc8 32. f4 Rg2 33. Ke4
b5 34. b3 Rg3 35. d5 Rxb3 36. axb5 cxd5+ 37. Kxd5 a4 38. Kc6 Rc3+ 39. Kb6 Rf3
40. Ka7 a3 41. b6 Rb3 42. Rc7+ Kd8 43. Rc5 a2 44. Ra5 Rb2 45. b7 Kc7 46. Rc5+
Kd8 47. Rc1 Kd7 48. b8=Q Rxb8 49. Kxb8 Ke6 50. Ra1 Kf5 51. Rxa2 g5 52. fxg5
Kxg5 53. Ra5+ 1-0

[Event "III C.to Europeo seniores"]
[Site "Saint Vincent - Chatillon ITA"]
[Date "2003.09.24"]
[Round "8"]
[White "Klovans, Janis"]
[Black "Tatai, Stefano"]
[Result "1/2-1/2"]
[WhiteElo "2480"]
[BlackElo "2343"]
[PlyCount "59"]
[EventDate "2003.09.17"]

1. e4 c5 2. Nf3 d6 3. d4 cxd4 4. Nxd4 Nf6 5. Nc3 a6 6. Be3 e5 7. Nb3 Be6 8. f3
Be7 9. Qd2 h5 10. O-O-O Nbd7 11. Kb1 b5 12. Nd5 Bxd5 13. exd5 Nb6 14. Bxb6 Qxb6
15. Na5 Nd7 16. Bd3 Bf6 17. Rhe1 Kf8 18. Bf5 Nc5 19. Nc6 a5 20. f4 exf4 21.
Qxf4 Qc7 22. c3 b4 23. cxb4 axb4 24. Rc1 g5 25. Qf2 Qb6 26. Rf1 Rh6 27. b3 Qa6
28. Qc2 Qa3 29. h3 Kg7 30. Rf3 1/2-1/2

[Event "III C.to Europeo seniores"]
[Site "Saint Vincent - Chatillon ITA"]
[Date "2003.09.24"]
[Round "8"]
[White "Klundt, Klaus"]
[Black "Ljubarskij, Juri"]
[Result "1-0"]
[WhiteElo "2359"]
[BlackElo "2307"]
[PlyCount "67"]
[EventDate "2003.09.17"]

1. e4 e5 2. Nf3 Nc6 3. Bb5 a6 4. Ba4 Nf6 5. O-O Be7 6. Re1 b5 7. Bb3 O-O 8. d4
exd4 9. e5 Ne8 10. c3 d6 11. Bd5 Bb7 12. Nxd4 Na5 13. Bxb7 Nxb7 14. Nc6 Qd7 15.
Qf3 Bh4 16. Na5 c6 17. Qxc6 Qxc6 18. Nxc6 Rc8 19. Nb4 a5 20. Nd3 dxe5 21. Nxe5
Ned6 22. Bf4 b4 23. a3 bxc3 24. Nxc3 Nc4 25. Nxc4 Rxc4 26. Re4 Rxe4 27. Nxe4 f5
28. Nc3 Rc8 29. Rd1 Nc5 30. g3 Bf6 31. Nd5 Kf7 32. Nxf6 Kxf6 33. Rc1 Ke6 34. b4
1-0

[Event "III C.to Europeo seniores"]
[Site "Saint Vincent - Chatillon ITA"]
[Date "2003.09.24"]
[Round "8"]
[White "Kraidman, Yair"]
[Black "Macek, Vlasta"]
[Result "1/2-1/2"]
[WhiteElo "2319"]
[BlackElo "2216"]
[PlyCount "98"]
[EventDate "2003.09.17"]

1. d4 d5 2. Nf3 Nf6 3. c4 c6 4. e3 a6 5. Nc3 b5 6. cxd5 cxd5 7. Bd3 Bb7 8. O-O
e6 9. a3 Nbd7 10. Bd2 Bd6 11. Qc2 Rc8 12. Rfc1 Ne4 13. Be1 f5 14. Nd2 O-O 15.
f3 Nxc3 16. bxc3 Nb6 17. Qb3 Qc7 18. Nf1 Bc6 19. Rc2 Qf7 20. Bg3 Qe7 21. Re2
Bxg3 22. Nxg3 Rf7 23. Qb4 Qc7 24. Rc2 Be8 25. Ne2 e5 26. dxe5 Qxe5 27. Qd4 Qxd4
28. cxd4 Rxc2 29. Bxc2 g6 30. Kf2 Rc7 31. Bb3 Kf8 32. Nf4 Bf7 33. Nd3 Rc3 34.
Nc5 a5 35. a4 b4 36. Ke2 Ke7 37. Kd2 Nd7 38. Nxd7 Rxb3 39. Nc5 Rb2+ 40. Kd3
Rxg2 41. Nb3 Rxh2 42. Nxa5 Be8 43. Rb1 Bxa4 44. Rxb4 Bc2+ 45. Kc3 Bd1 46. Nc6+
Kd6 47. Ne5 Rh3 48. Rb7 Bxf3 49. Nf7+ Kc6 1/2-1/2

[Event "III C.to Europeo seniores"]
[Site "Saint Vincent - Chatillon ITA"]
[Date "2003.09.24"]
[Round "8"]
[White "Neese, Hans-Joachim"]
[Black "Hocevar, Nikola"]
[Result "1/2-1/2"]
[WhiteElo "2260"]
[BlackElo "2111"]
[PlyCount "36"]
[EventDate "2003.09.17"]

1. d4 d5 2. c4 e6 3. Nc3 Nf6 4. Bg5 c5 5. Nf3 cxd4 6. Nxd4 e5 7. Nf3 d4 8. Nd5
Nc6 9. a3 Be6 10. e4 Be7 11. Nxe7 Qxe7 12. Bd3 a5 13. O-O h6 14. Bd2 O-O 15.
Ne1 Nd7 16. Qf3 Nc5 17. Qg3 Nxd3 18. Qxd3 f5 1/2-1/2

[Event "III C.to Europeo seniores"]
[Site "Saint Vincent - Chatillon ITA"]
[Date "2003.09.24"]
[Round "8"]
[White "Rahls, Peter"]
[Black "Zunker, Reinhard"]
[Result "1-0"]
[WhiteElo "2300"]
[BlackElo "2199"]
[PlyCount "57"]
[EventDate "2003.09.17"]

1. e4 c5 2. c3 d5 3. exd5 Qxd5 4. d4 Nf6 5. Nf3 Bg4 6. Nbd2 Nc6 7. dxc5 Qxc5 8.
Qa4 Bd7 9. Nb3 Qf5 10. Qb5 Qxb5 11. Bxb5 e6 12. Be3 a6 13. Be2 Nd5 14. Bc5 b6
15. Bxf8 Kxf8 16. O-O-O Ke7 17. Rhe1 Rhd8 18. Nfd4 g6 19. Bf3 Nxd4 20. Nxd4 Be8
21. Nxe6 fxe6 22. Bxd5 Rab8 23. Rxe6+ Kf8 24. Bf3 Rxd1+ 25. Bxd1 Bf7 26. Rd6
Ke7 27. Rd4 Rc8 28. a3 Rc5 29. Kd2 1-0

[Event "III C.to Europeo seniores"]
[Site "Saint Vincent - Chatillon ITA"]
[Date "2003.09.25"]
[Round "9"]
[White "Fischer, Johann"]
[Black "Villing, Dieter"]
[Result "1/2-1/2"]
[WhiteElo "2227"]
[BlackElo "2181"]
[PlyCount "46"]
[EventDate "2003.09.17"]

1. d4 Nf6 2. c4 d6 3. Nf3 Nbd7 4. Nc3 e5 5. h3 Be7 6. e4 O-O 7. Be3 c6 8. Be2
Re8 9. O-O exd4 10. Bxd4 Bf8 11. Qc2 Nc5 12. e5 dxe5 13. Bxe5 Ncd7 14. Rad1 Qa5
15. Bd4 Bc5 16. a3 Bxd4 17. Nxd4 Nf8 18. Qc1 Ne6 19. b4 Qe5 20. Nxe6 Bxe6 21.
Rfe1 Qc7 22. c5 Rad8 23. Bf3 h6 1/2-1/2

[Event "III C.to Europeo seniores"]
[Site "Saint Vincent - Chatillon ITA"]
[Date "2003.09.25"]
[Round "9"]
[White "Karl, Hans"]
[Black "Bukal, Vladimir sr"]
[Result "0-1"]
[WhiteElo "2265"]
[BlackElo "2408"]
[PlyCount "72"]
[EventDate "2003.09.17"]

1. d4 d5 2. c4 c6 3. Nf3 Nf6 4. e3 a6 5. Nbd2 Bf5 6. Be2 h6 7. O-O e6 8. b3
Nbd7 9. Bb2 Bd6 10. Ne5 O-O 11. Ndf3 Qe7 12. Bd3 Bxd3 13. Qxd3 Rfd8 14. Rfd1
Ba3 15. Rab1 a5 16. Bxa3 Qxa3 17. c5 Nxe5 18. Nxe5 Nd7 19. Nf3 b6 20. cxb6 Rdb8
21. g4 g6 22. g5 h5 23. Nh4 Kg7 24. f4 Rxb6 25. Rf1 a4 26. Rf2 axb3 27. axb3
Rab8 28. Rfb2 Rb5 29. Nf3 Kg8 30. Nh4 Kg7 31. Nf3 R8b7 32. Kf2 c5 33. dxc5 Nxc5
34. Qd4+ Kh7 35. Nd2 Rb4 36. Nc4 Rxc4 0-1

[Event "III C.to Europeo seniores"]
[Site "Saint Vincent - Chatillon ITA"]
[Date "2003.09.25"]
[Round "9"]
[White "Macek, Vlasta"]
[Black "Asmundsson, Ingvar"]
[Result "1/2-1/2"]
[WhiteElo "2216"]
[BlackElo "2321"]
[PlyCount "73"]
[EventDate "2003.09.17"]

1. d4 f5 2. g3 Nf6 3. Bg2 e6 4. Nf3 d5 5. O-O Bd6 6. c4 c6 7. b3 Qe7 8. Bb2
Nbd7 9. Nbd2 Ne4 10. Ne5 Nxe5 11. dxe5 Bc5 12. Nxe4 fxe4 13. Bd4 O-O 14. Bxc5
Qxc5 15. Rc1 Qa5 16. a4 Qb6 17. Bh3 Bd7 18. c5 Qb4 19. Qc2 b6 20. cxb6 axb6 21.
Qc3 Qxc3 22. Rxc3 Kf7 23. f3 exf3 24. Rcxf3+ Ke7 25. Rxf8 Rxf8 26. Rxf8 Kxf8
27. b4 Ke7 28. e3 c5 29. bxc5 bxc5 30. a5 Bb5 31. Kf2 Kd7 32. Ke1 Ba6 33. Kd2
Bc8 34. Kc3 Kc6 35. Bf1 Bd7 36. Be2 Bc8 37. Bf1 1/2-1/2

[Event "III C.to Europeo seniores"]
[Site "Saint Vincent - Chatillon ITA"]
[Date "2003.09.25"]
[Round "9"]
[White "Murey, Jacob I."]
[Black "Klundt, Klaus"]
[Result "1/2-1/2"]
[WhiteElo "2459"]
[BlackElo "2359"]
[PlyCount "86"]
[EventDate "2003.09.17"]

1. e4 c5 2. Nc3 Nc6 3. g3 g6 4. Bg2 Bg7 5. Nge2 d6 6. a3 e5 7. b4 Nge7 8. O-O
O-O 9. Rb1 Rb8 10. d3 Nd4 11. f4 Bg4 12. h3 Nxe2+ 13. Nxe2 Be6 14. fxe5 dxe5
15. bxc5 Qc8 16. Be3 Bxh3 17. Nc3 Bxg2 18. Kxg2 Qd7 19. Qf3 f5 20. exf5 gxf5
21. Bg5 Nc6 22. Qd5+ Qxd5+ 23. Nxd5 Rf7 24. c4 Re8 25. g4 h6 26. Bh4 e4 27.
Rxf5 exd3 28. Rxf7 Kxf7 29. Rxb7+ Kg8 30. Bf6 Re2+ 31. Kf1 Bxf6 32. Nxf6+ Kf8
33. Rd7 Re6 34. Rd6 Kf7 35. Nh5 Ne5 36. Rd5 Nxg4 37. Rxd3 Re5 38. Ng3 Ne3+ 39.
Kg1 Nxc4 40. Rc3 Re3 41. Rxc4 Rxg3+ 42. Kf2 Rg8 43. Ra4 Ke6 1/2-1/2

[Event "III C.to Europeo seniores"]
[Site "Saint Vincent - Chatillon ITA"]
[Date "2003.09.25"]
[Round "9"]
[White "Tatai, Stefano"]
[Black "Chernikov, Oleg L."]
[Result "1/2-1/2"]
[WhiteElo "2343"]
[BlackElo "2455"]
[PlyCount "106"]
[EventDate "2003.09.17"]

1. e4 c5 2. Nf3 g6 3. d4 cxd4 4. Qxd4 Nf6 5. e5 Nc6 6. Qa4 Nd5 7. Qb3 Nb6 8. a4
d5 9. exd6 Qxd6 10. a5 Be6 11. Qc3 O-O-O 12. Bd3 Nd5 13. Qxh8 Bh6 14. Qxd8+
Kxd8 15. Bxh6 Bg4 16. Nbd2 f6 17. Be3 Nxe3 18. fxe3 Qc5 19. Kf2 Bxf3 20. Nxf3
e5 21. Nd2 f5 22. Nb3 Qb4 23. Rhd1 Ke7 24. Be2 Qh4+ 25. Kg1 Qg5 26. Rd3 Nb4 27.
Rd2 Qxe3+ 28. Kh1 Nxc2 29. Rxc2 Qxb3 30. Rac1 Kf6 31. a6 Kg5 32. Bc4 Qb6 33.
axb7 Qxb7 34. Re2 e4 35. Rd1 a5 36. b3 Qb4 37. Ra2 h5 38. Rda1 h4 39. Rxa5 h3
40. R5a2 f4 41. gxh3 f3 42. Bd5 Kh6 43. Rg1 Qd4 44. Ba8 f2 45. Rf1 e3 46. Bf3
Qf4 47. Kg2 Qg5+ 48. Bg4 Qd5+ 49. Kg3 Qe5+ 50. Kf3 Qd5+ 51. Kg3 Qe5+ 52. Kg2
Qd5+ 53. Bf3 Qg5+ 1/2-1/2